00461nam a2200109Ia 4500008004100000050002800041100002600069245011400095260008600209300003300295521002300328140724s9999 xx 000 0 und d aPN 1995.9.D6b.J37 2013 aJarina, Kate Marie D. a"OngPinoy Delicacies" A Video documentary on Chinese Food Culture in the Philippines /cKate Marie D. Jarina. aLas Piñas, Philippines :bSouthville International School and Colleges,cc2013. a59 p. :bcol. ill. ;c28 cm. aMass Communication